Tilastot visalle Mauritius-visa

Klikkaa tästä pelataksesi tätä visaa!

Yleistilastot

  • Tätä visaa on pelattu 156 kertaa
  • Keskiarvotulos 8 / 14

Vastaustilastot

VihjeVastaus% Oikein
Valtio, josta Mauritius itsenäistyi 1968Yhdistynyt kuningaskunta
89%
Kieli, johon yllä oleva pohjautuuRanska
84%
Meri, jossa Mauritius sijaitseeIntian valtameri
81%
Yleisin uskontoHindulaisuus
74%
PääkaupunkiPort Louis
67%
Lentokyvytön lintu, joka kuoli sukupuuttoon pian yllä olevien saavuttuaDodo
65%
Mauriutuksen pääsaariMauritius
57%
Vuonna 1638 ensimmäisenä Mauritiuksen asuttanut valtioAlankomaat
53%
1800-luvun tärkein vientituotekasviSokeri
49%
ValuuttaRupia
46%
Puhutuin kieliMorisyen
32%
Toiseksi suurin saariRodrigues
30%
Saaristo, johon yllä olevat saaret kuuluvatMaskareenit
29%
Melko läheinen saaristo, jonka suurin saari on Diego Garcia, ja jonka Mauritius on vaatinut haltuunsa{Chagos}saaret
28%

Tulosjakauma

Persentiili vastausten määrän mukaan

Jokaisen tuloksen saaneiden osuus

Tuloshistoriasi

Et ole pelannut tätä visaa